| 000 | 01288nam a22003252 4500 | ||
|---|---|---|---|
| 001 | 0000025449 | ||
| 005 | 20151217154544.0 | ||
| 008 | 150922s xx 000 0 eng d | ||
| 040 |
_aKABU _cKABU |
||
| 100 | 1 |
_aMbondenyi, Morris. _@0000186097 |
|
| 245 | 1 | 0 |
_aInternational Human Rights and their enforcement in Africa / _cby Morris Mbondenyi. |
| 260 |
_aNairobi, Kenya : _blawAfrica, _c2011. |
||
| 300 | _axi, 496p. | ||
| 650 | 0 |
_aHuman rights _zAfrica. _@0000158462 |
|
| 908 | _a150922 | ||
| 950 | _@1 | ||
| 999 |
_c11715 _d11715 |
||